Capitals Containing Words #2 - Statistics

General Stats
  • This quiz has been taken 30 times
  • The average score is 11 of 12
Answer Stats
Word Capital % Correct
Town Cape Town
100%
Free Freetown
100%
Port Port Louis
100%
Wash Washington DC
100%
Grade Belgrade
93%
King Kingston
93%
Prince Port-au-Prince
93%
Bang Bangkok
90%
Male Malé
86%
Cat Muscat
83%
Lava Bratislava
79%
Iran Tirana
55%
No matching quizzes found
Score Distribution
Percent of People with Each Score
Percentile by Number Answered
Your Score History
You have not taken this quiz